Predikcia peňažných tokov z prevádzkovej činnosti v spoločnosti s ručením obmedzeným a ich analýza diplomová práca

Enregistré dans:
Détails bibliographiques
Auteur principal: Čirčová, Ivana
Collectivité auteur: Fakulta hospodárskej informatiky EU. Katedra účtovníctva a audítorstva
Autres auteurs: Sklenka, Miloš
Format: Livre
Langue:slovaque
Publié: Bratislava 2016
Tags: Ajouter un tag
Pas de tags, Soyez le premier à ajouter un tag!

MARC

LEADER 00000nbm a2200000 4500
001 0218971
005 20240905084214.4
041 0 |a slo 
044 |a SK 
245 1 0 |a Predikcia peňažných tokov z prevádzkovej činnosti v spoločnosti s ručením obmedzeným a ich analýza  |b diplomová práca  |c Ivana Čirčová ; školiteľ: Miloš Sklenka 
264 1 |a Bratislava  |c 2016 
300 |a 60 s. 
100 1 |a Čirčová, Ivana 
700 1 |a Sklenka, Miloš 
710 2 |a Fakulta hospodárskej informatiky EU. Katedra účtovníctva a audítorstva